|
|
|
|
| LEADER |
01470nam a2200397 a 4500 |
| 001 |
nkc20081804346 |
| 003 |
CZ PrNK |
| 005 |
20080731084005.0 |
| 007 |
ta |
| 008 |
080527s2008 xr a c 000 0 cze |
| 015 |
|
|
|a cnb001804346
|
| 020 |
|
|
|a 978-80-7363-215-1
|q (Dokořán :
|q brož.) :
|c Kč 80,00
|
| 035 |
|
|
|a (OCoLC)237078075
|
| 040 |
|
|
|a ABA001
|b cze
|
| 043 |
|
|
|a f-ua---
|
| 072 |
|
7 |
|a 51
|x Matematika
|2 Konspekt
|9 13
|
| 072 |
|
7 |
|a 0/9-053.2
|x Literatura pro děti a mládež (naučná)
|2 Konspekt
|9 26
|
| 080 |
|
|
|a 51
|2 MRF
|
| 080 |
|
|
|a (32)
|2 MRF
|
| 080 |
|
|
|a (0.053.2)
|2 MRF
|
| 100 |
1 |
|
|a Vymazalová, Hana,
|d 1978-
|7 mzk2004248943
|4 aut
|4 ill
|
| 245 |
1 |
0 |
|a Počty v zemi faraonů :
|b matematika stavitelů pyramid /
|c Hana Vymazalová
|
| 246 |
3 |
|
|a Počty v zemi faraonů - matematika stavitelů pyramid
|
| 260 |
|
|
|a Praha :
|b Dokořán :
|b Český egyptologický ústav Filozofické fakulty Univerzity Karlovy v Praze,
|c 2008
|
| 300 |
|
|
|a 32 s. :
|b il. ;
|c 21 cm
|
| 650 |
0 |
7 |
|a matematika
|7 ph117231
|x úlohy
|2 czenas
|
| 650 |
0 |
9 |
|a mathematics
|x problems, exercises, etc
|2 eczenas
|
| 655 |
|
7 |
|a publikace pro děti
|7 fd133156
|2 czenas
|
| 655 |
|
9 |
|a children's literature
|2 eczenas
|
| 651 |
|
7 |
|a starověký Egypt
|7 ge146585
|2 czenas
|
| 651 |
|
9 |
|a Egypt
|2 eczenas
|
| 910 |
2 |
|
|a BOA001
|b 2-1202.937
|
| 990 |
|
|
|a BK
|
| 995 |
|
|
|a 01
|
| 991 |
|
|
|b 200806
|c NOV
|
| 996 |
6 |
|
|b 2610344189
|c 2-1202.937
|l MZK
|r Sklad / do 1 hodiny
|n 4
|p p.v.
|w 000897510
|u 000010
|a 1
|e BOA001
|j MZK50
|s P
|